| 000 | 00619nam a2200193Ia 4500 | ||
|---|---|---|---|
| 005 | 20250508151628.0 | ||
| 008 | 008 250505s9999 xx 000 0 eng d | ||
| 037 | _aTextual | ||
| 040 |
_aFEDL _beng _cFEDL |
||
| 041 |
_aeng _2eng |
||
| 084 |
_a650.7, CRO _qFEDL |
||
| 100 |
_aCrooks Maxwell Ed. _9759623 |
||
| 245 | 0 | _aPractical commercial self-educator: A comprehensive text-book on modern business practice and administration | |
| 260 |
_aLondon, UK _bOdhams Press Limited |
||
| 300 | _a702p. | ||
| 700 |
_a Crawford Harold Ed. _9759624 |
||
| 942 |
_cTEXL _h650.7, CRO |
||
| 999 |
_c1331006 _d1331006 |
||